| 000 | 02953cam a2200397 i 4500 | ||
|---|---|---|---|
| 001 | data | ||
| 005 | 20260322212108.0 | ||
| 008 | data | ||
| 035 | _a22369316 | ||
| 906 |
_a7 _bcbc _ccopycat _d2 _encip _f20 _gy-gencatlg |
||
| 925 | 0 |
_aacquire _b1 shelf copy _xpolicy default |
|
| 010 | _a 2022930025 | ||
| 020 |
_a9780192863041 _q(hardcover) |
||
| 020 |
_a0192863045 _q(hardcover) |
||
| 020 |
_z9780192677655 _q(electronic bk.) |
||
| 020 |
_z0192677659 _q(electronic bk.) |
||
| 035 | _a(OCoLC)1292591164 | ||
| 040 |
_aYDX _beng _cYDX _erda _dDLC _dOCLCF _dQGJ _dDLC |
||
| 042 | _alccopycat | ||
| 050 | 0 | 0 |
_aK3240 _b.S53 2022 |
| 082 | 0 | 4 |
_a341.48 _223 |
| 100 | 1 |
_aSiatitsa, Ilia, _eauthor. |
|
| 245 | 1 | 0 |
_aSerious violations of human rights : _bon the emergence of a new special regime / _cIlia Siatitsa. |
| 250 | _aFirst edition. | ||
| 264 | 1 |
_aOxford : _bOxford University Press, _c2022. |
|
| 300 |
_axlviii, 240 pages : _billustrations ; _c24 cm |
||
| 336 |
_atext _btxt _2rdacontent |
||
| 336 |
_astill image _bsti _2rdacontent |
||
| 337 |
_aunmediated _bn _2rdamedia |
||
| 338 |
_avolume _bnc _2rdacarrier |
||
| 504 | _aIncludes bibliographical references (pages 213-229) and index. | ||
| 520 |
_a"This book analyses the use of the expression 'serious violations of human rights', and similar ones, such as 'gross' or 'grave', in international practice. It highlights some of the recurring responses and consequences to such violations and suggests that a new special regime - eponymous to the above-mentioned expression - was formed. This special regime is understood as substantively limited to a very specific issue-area of human rights violations. Within this regime, a series of monitoring mechanisms and procedures are in place to highlight, document, and record such violations; specific measures are taken to enforce compliance; and certain consequences arise focused on remedying the victims of such violations. As such, this special regime is comprised of at least four thinly interconnected components: the substantive, the monitoring, the enforcement, and the remedial ones. This monograph constitutes a first step towards the recognition of such a regime, allowing far more constructive and coherent elaboration in the future. Practice around this category of violations may well evolve in a different direction than the one suggested here. However, what becomes apparent from this work is that the serious violations of human rights are a key notion in the international legal order as it allows the international community to depict those factual situations requiring its attention and action."-- _cProvided by publisher. |
||
| 650 | 0 | _aHuman rights. | |
| 650 | 7 |
_aHuman rights. _2fast _0(OCoLC)fst00963285 |
|
| 999 |
_c1603 _d1603 |
||